000 00580cam a2200145 4500500
005 20260208003725.0
041 _afre
042 _adc
100 1 0 _aPradeau, Jean-François
_eauthor
245 0 0 _aEvanghélos Moutsopoulos, Structure, présence et fonctions du Kairos chez Proclus, Athènes, Académie d’Athènes, 2003, 196 p.
260 _c2005.
500 _a1
786 0 _nLes Études philosophiques | 72 | 1 | 2005-03-01 | p. 117p-142p | 0014-2166
856 4 1 _uhttps://shs.cairn.info/revue-les-etudes-philosophiques-2005-1-page-117p?lang=fr&redirect-ssocas=7080
999 _c1648664
_d1648664